| 000 | 00608nam a2200193Ii 4500 | ||
|---|---|---|---|
| 003 | JO-AjNU | ||
| 008 | 230606s9999||||xx |||||||||||||| ||und|| | ||
| 040 |
_aJO-AjNU _beng _erda _cJO-AjNU |
||
| 041 | _aeng | ||
| 050 | 1 | 4 | _aHD6059.6 1978 |
| 100 | 3 |
_aReport,Interim, _eauthor _92878 |
|
| 245 | 0 | 0 | _aIncome - Generating Skills for Women |
| 264 | 3 | 1 | _aNaciwid: National Advisory Council the Integration of women Development,1978 |
| 300 | _a148p | ||
| 336 |
_atext _btxt _2rdacontent |
||
| 337 |
_aunmediated _bn _2rdamedia |
||
| 338 |
_avolume _bnc _2rdacarrier |
||
| 650 | 4 |
_aGenerating Skills for Women _92879 |
|
| 999 |
_aE1508 _c1508 _d1508 |
||